ბათუმის შოთა რუსთაველის სახელმწიფო უნივერსიტეტის ბიბლიოთეკა

თანამედროვე ქართული ენის მორფოლოგია : (ბიბ.ჩანაწერი № 36779)

000 -ლიდერი
ფიქსირებული სიგრძის საკონტროლო ველი 02014nam a2200301Ia 4500
001 - საკონტროლო ნომერი
საკონტროლო ველი 2718
003 - საკონტროლო ნომრის იდენტიფიკატორი
საკონტროლო ველი GE_BSU
005 - ბოლო ოპერაციის თარიღი და დრო
საკონტროლო ველი 20190605161002.0
008 - ფიქსირებული სიგრძის მონაცემთა ელემენტები - ზოგადი ინფორმაცია
ფიქსირებული სიგრძის საკონტროლო ველი 181216s2011||||ge |||||||||||||| ||geo||
020 ## - წიგნის საერთაშორისო სტანდარტული ნომერი
International Standard Book Number 9789941104763
040 ## - კატალოგიზაციის წყარო
Transcribing agency GE_BSU
041 ## - ენის კოდი
Language code of text/sound track or separate title geo
080 ## - უნივერსალური ათობითი კლასიფიკაციის ინდექსი
Universal Decimal Classification number 811.353.1 თ–29
245 ## - ცნობა სათაურის შესახებ
Title თანამედროვე ქართული ენის მორფოლოგია :
Remainder of title სალიტერატურო ენა /
Statement of responsibility, etc გიორგი გოგოლაშვილი, ავთანდილ არაბული, მურმან სუხიშვილი [და სხვ.]] ; გიორგი გოგოლაშვილის საერთო რედ. ; არნ. ჩიქობავას სახ. ენათმეცნ. ინ-ტი, შოთა რუსთაველის ეროვნ. სამეცნ. ფონდი.
264 ## - წარმოების, გამოცემის, დისტრიბუციის და სხვა ცნობები
გამოცემის, წარმოების, დისტრიბუციის... ადგილი თბილისი :
გამოცემის, წარმოების, დისტრიბუციის... სახელწოდება მერიდიანი,
გამოცემის, წარმოების, დისტრიბუციის... თარიღი 2011.
300 ## - ფიზიკური აღწერა
Extent 831 გვ. ;
Other physical details 25 სმ.
653 ## - INDEX TERM--UNCONTROLLED
Uncontrolled term ქართული ენის მორფოლოგი
653 ## - INDEX TERM--UNCONTROLLED
Uncontrolled term ქართული სალიტერატურო ენა
700 ## - ADDED ENTRY--PERSONAL NAME
Personal name გოგოლაშვილი, გიორგი
Relator term ავტორი
9 (RLIN) 2128
700 ## - ADDED ENTRY--PERSONAL NAME
Personal name არაბული, ავთანდილ
Relator term ავტორი
9 (RLIN) 316
700 ## - ADDED ENTRY--PERSONAL NAME
Personal name სუხიშვილი, მურმან
Relator term ავტორი
9 (RLIN) 2129
700 ## - ADDED ENTRY--PERSONAL NAME
Personal name მანჯგალაძე, მარიამ
Relator term ავტორი
9 (RLIN) 2130
700 ## - ADDED ENTRY--PERSONAL NAME
Personal name ჭუმბურიძე, ნინო და სხვ.
Relator term ავტორი
9 (RLIN) 2131
700 ## - ADDED ENTRY--PERSONAL NAME
Personal name გოგოლაშვილი, გიორგი
Relator term რედაქტორი
9 (RLIN) 2128
710 ## - ADDED ENTRY--CORPORATE NAME
Corporate name or jurisdiction name as entry element არნ. ჩიქობავას სახ. ენათმეცნ. ინ-ტი
9 (RLIN) 1996
710 ## - ADDED ENTRY--CORPORATE NAME
Corporate name or jurisdiction name as entry element შოთა რუსთაველის ეროვნ. სამეცნ. ფონდი
9 (RLIN) 2132
942 ## - ADDED ENTRY ELEMENTS (KOHA)
Koha item type წიგნი
Source of classification or shelving scheme
ეგზემპლარები
ჩამოწერის სტატუსი დაკარგული ეგზემპლარის სტატუსი კლასიფიკაციის წყარო ან თაროზე გაწყობის სქემა დაზიანების სტატუსი არ გაიცემა მუდმივი მდებარეობა (დაცვის ადგილი) ამჟამინდელი ადგილსამყოფელი თაროზე განთავსების ადგილი შეძენის თარიღი ღირებულება, შესყიდვის ნორმალური ფასი სრული შენახვის შიფრი შტრიხკოდი ბოლო ოპერაციის თარიღი ეგზემპლარის მიმდევრობითი ნომერი (კეტერი?) ფასის ძალაში შესვლის თარიღი ეგზემპლარის სახეობა საჯარო შენიშვნა
          ბათუმის შოთა რუსთაველის სახელმწიფო უნივერსიტეტის მთავარი ბიბლიოთეკა ბათუმის შოთა რუსთაველის სახელმწიფო უნივერსიტეტის მთავარი ბიბლიოთეკა წიგნსაცავი 2018-12-17 30.00 811.353.1 თ-29 4563 2018-12-17 4563 2018-12-17 წიგნი 30 ლ.